000 00961nam a22003017a 4500
005 20210601175747.0
008 210315b ii ||||| |||| 00| 0 eng d
020 _a9789352833795
_crS. 330.00
040 _aNLI
_beng
_cEnglish Division
041 0 _aeng
044 _aii
082 0 4 _223rd ed.
_aRR 570.76
_bB 521
100 1 _6880-01
245 1 0 _6880-02
_aBiology for NEET /
_cCreated and compiled by S.chand experts
260 _aNew Delhi:
_b S.chand ,
_c2018.
300 _aVarious pages;
_bills:
_c27cm.
490 _aObjective series
500 _aInclude test papers
610 _aNEET - examintions
_vstude guides-biology
_92861
650 0 _aBiology examinations, questions, etc.
_92862
650 0 _aNational Eligibility cum entrance test -examitions
_vstudy guides.
_92863
700 1 _6880-03
710 _aS. Chand experts creted and comp.
_92864
880 1 _6100-01
887 _adibyendu halder
942 _2ddc
_cBKS
999 _c2016
_d2016